Normal view
MARC view
Entry Topical Term
001 - CONTROL NUMBER
- control field: 51270
003 - CONTROL NUMBER IDENTIFIER
- control field: ARRUPE
005 - DATE AND TIME OF LATEST TRANSACTION
- control field: 20220407092815.0
008 - FIXED-LENGTH DATA ELEMENTS
- fixed length control field: 220407|| aca||aabn | a|a d
040 ## - CATALOGING SOURCE
- Original cataloging agency: ARRUPE
- Transcribing agency: ARRUPE
150 ## - HEADING--TOPICAL TERM
- Topical term or geographic name as entry element: SCIENCE / General
670 ## - SOURCE DATA FOUND
- Source citation: Work cat.: (ARRUPE)131276: Harari, Yuval N. 51265, Sapiens :, 2015